[Event "XII Open A"]
[Site "Verona ITA"]
[Date "2006.01.08"]
[Round "8"]
[White "Dvirnyy, Danyyil"]
[Black "Skembris, Spyridon"]
[Result "0-1"]
[WhiteElo "2265"]
[BlackElo "2451"]
[PlyCount "76"]
[EventDate "2006.01.02"]

1.e4 c5 2.Nf3 Nc6 3.d4 cxd4 4.Nxd4 Qb6 5.Nb3 Nf6 6.Nc3 e6 7.Bd3 a6 8.Qe2 
d6 9.Bd2 Qc7 10.O-O-O Be7 11.g4 b5 12.g5 Nd7 13.Qh5 Nde5 14.Kb1 b4 15.Ne2 
a5 16.f4 g6 17.Qh3 Nxd3 18.Qxd3 Ba6 19.Qf3 Rc8 20.c3 a4 21.Nbd4 Nxd4 22.
Nxd4 e5 23.Nc2 b3 24.Nb4 bxa2+ 25.Ka1 Bc4 26.Bc1 exf4 27.h4 h5 28.gxh6 
Rxh6 29.Qxf4 Rh5 30.Nd5 Bxd5 31.exd5 Qc4 32.Rd4 Qb3 33.Rxa4 Qxd5 34.Re1 
Re5 35.Rae4 Qd3 36.Kxa2 Ra8+ 37.Kb3 Rb8+ 38.Ka2 Qc2 0-1

[Event "XII Open A"]
[Site "Verona ITA"]
[Date "2006.01.08"]
[Round "8"]
[White "Fuggetta, Leonardo"]
[Black "Opacic, Alexandar"]
[Result "0-1"]
[WhiteElo "2069"]
[BlackElo "2104"]
[PlyCount "84"]
[EventDate "2006.01.02"]

1.c4 e6 2.Nf3 b6 3.g3 Bb7 4.Bg2 Nf6 5.O-O Be7 6.b3 d6 7.Bb2 Nbd7 8.Nc3 c5 
9.d4 cxd4 10.Nxd4 Bxg2 11.Kxg2 Qc7 12.e4 h5 13.Qe2 h4 14.Rae1 Qb7 15.Nd5 
exd5 16.exd5 Ne5 17.Nf5 hxg3 18.hxg3 Qd7 19.Bxe5 Qxf5 20.Bxd6 O-O-O 21.
Bxe7 Qh3+ 22.Kf3 Rh5 23.Qc2 Rf5+ 24.Ke2 Re5+ 25.Kd1 Rxe7 26.Rxe7 Qxf1+ 27.
Re1 Qh3 28.Kc1 Nd7 29.Re7 Qh6+ 30.Kb1 Qf6 31.Qe2 Nc5 32.Rxa7 Kb8 33.Qe7 
Nd7 34.Qa3 Qf5+ 35.Kc1 Qg5+ 36.Kb1 Nc5 37.Ra8+ Kc7 38.Qa7+ Nb7 39.d6+ Kc6 
40.Qa4+ Kxd6 41.Ra7 Kc7 42.b4 Qd2 0-1

[Event "XII Open A"]
[Site "Verona ITA"]
[Date "2006.01.08"]
[Round "8"]
[White "Ivanov, Mikhail M."]
[Black "Stojanovic, Mihajlo"]
[Result "0-1"]
[WhiteElo "2447"]
[BlackElo "2532"]
[PlyCount "192"]
[EventDate "2006.01.02"]

1.d4 d5 2.c4 dxc4 3.Nf3 c5 4.e3 cxd4 5.Bxc4 Qc7 6.Qb3 e6 7.exd4 Nf6 8.O-O 
Nc6 9.Nc3 Bd7 10.Bd3 Be7 11.Be3 O-O 12.Rac1 Rad8 13.Bb1 Ng4 14.h3 Nxe3 15.
fxe3 g6 16.Ne4 Qb6 17.Qxb6 axb6 18.a3 Kg7 19.Ba2 Ra8 20.Rf2 Rfc8 21.Rcf1 
Be8 22.g4 h6 23.h4 b5 24.Bb3 Rc7 25.g5 hxg5 26.hxg5 Na5 27.Ba2 Nc6 28.Nh2 
b4 29.Ng4 bxa3 30.bxa3 Nd8 31.Nef6 Bb5 32.Rb1 Ba4 33.Rh2 Bxa3 34.Bxe6 Rc1+
35.Rxc1 Bxc1 36.Bd5 Ra5 37.Rh3 Kf8 38.Kf2 Ke7 39.Rh7 Kd6 40.Ne5 Rxd5 41.
Nc4+ Ke6 42.Nxd5 Kxd5 43.Nb6+ Ke4 44.Rh4+ Kd3 45.Nxa4 Bxe3+ 46.Kf3 Bxd4 
47.Rh1 b5 48.Rd1+ Kc4 49.Nb2+ Kd5 50.Nd3 Ne6 51.Kg4 Kc4 52.Nc1 Be3 53.Nd3 
Nxg5 54.Ne5+ Kc3 55.Nd7 Kb4 56.Nf6 Kc4 57.Re1 Bd2 58.Rd1 Kd3 59.Rh1 b4 60.
Rh8 Ne6 61.Rb8 Nd4 62.Rb7 b3 63.Rxf7 b2 64.Rb7 Kc2 65.Ne4 Bc1 66.Nc5 b1=Q 
67.Rxb1 Kxb1 68.Nd3 Ne6 69.Ne5 Nf8 70.Kf3 Kc2 71.Ke4 Kc3 72.Kd5 Bf4 73.
Nxg6 Nxg6 74.Ke4 Bd2 75.Kf5 Nf4 76.Ke4 Kc4 77.Ke5 Nd5 78.Kd6 Bc3 79.Kc6 
Bb4 80.Kd7 Nf4 81.Kc6 Ne6 82.Kb6 Kd5 83.Kb5 Bc5 84.Ka4 Kc4 85.Ka5 Nc7 86.
Ka4 Nd5 87.Ka5 Nb4 88.Ka4 Bb6 89.Ka3 Nd3 90.Ka4 Nb2+ 91.Ka3 Kc3 92.Ka2 Kc2
93.Ka3 Bc5+ 94.Ka2 Nd3 95.Ka1 Bd6 96.Ka2 Nc1+ 0-1

[Event "XII Open A"]
[Site "Verona ITA"]
[Date "2006.01.08"]
[Round "8"]
[White "Lazic, Miroljub"]
[Black "Brunello, Sabino"]
[Result "1/2-1/2"]
[WhiteElo "2466"]
[BlackElo "2301"]
[PlyCount "28"]
[EventDate "2006.01.02"]

1.d4 Nf6 2.Nf3 e6 3.g3 d5 4.Bg2 b5 5.O-O Nbd7 6.b3 Bb7 7.c4 bxc4 8.bxc4 
dxc4 9.Qa4 Bd6 10.Ne5 Bxg2 11.Kxg2 O-O 12.Nxd7 Qxd7 13.Qxc4 c5 14.dxc5 
Bxc5 1/2-1/2

[Event "XII Open A"]
[Site "Verona ITA"]
[Date "2006.01.08"]
[Round "8"]
[White "Lettieri, Giuseppe"]
[Black "De Santis, Alessio"]
[Result "1-0"]
[WhiteElo "2260"]
[BlackElo "2373"]
[PlyCount "103"]
[EventDate "2006.01.02"]

1.e4 e6 2.d4 d5 3.Nd2 Nf6 4.e5 Nfd7 5.Bd3 c5 6.c3 Nc6 7.Ne2 cxd4 8.cxd4 f6
9.Nf4 Nxd4 10.Qh5+ Ke7 11.exf6+ Nxf6 12.Ng6+ hxg6 13.Qxh8 Kf7 14.Qh4 e5 
15.Nf3 Nxf3+ 16.gxf3 Bf5 17.Bxf5 gxf5 18.Bg5 Qa5+ 19.Kf1 Rc8 20.Bxf6 Qa6+ 
21.Kg2 Qxf6 22.Qxf6+ Kxf6 23.Rac1 Rc6 24.a3 Ke6 25.h4 d4 26.h5 Kd5 27.Rhd1
Be7 28.Kf1 Bg5 29.Rxc6 bxc6 30.Ke2 e4 31.Rg1 d3+ 32.Kd1 Bf6 33.fxe4+ fxe4 
34.b3 Bd4 35.Kd2 Be5 36.Rg4 Bd4 37.f3 exf3 38.Kxd3 f2 39.Rf4 Ke5 40.Rf7 
Ke6 41.Rf4 Ke5 42.Rf3 Bb6 43.Ke2 Ke6 44.Rd3 a5 45.Rg3 Bd4 46.Rg5 c5 47.
Rg6+ Kf5 48.Ra6 Kg5 49.Rxa5 Kxh5 50.b4 g5 51.bxc5 Kh4 52.Ra4 1-0

[Event "XII Open A"]
[Site "Verona ITA"]
[Date "2006.01.08"]
[Round "8"]
[White "Luciani, Valerio"]
[Black "Guido, Flavio"]
[Result "0-1"]
[WhiteElo "2249"]
[BlackElo "2305"]
[PlyCount "140"]
[EventDate "2006.01.02"]

1.d4 Nf6 2.c4 e6 3.Nc3 c5 4.d5 exd5 5.cxd5 g6 6.e4 d6 7.Bd3 Bg7 8.Nge2 O-O
9.O-O a6 10.a4 Re8 11.f3 Nbd7 12.Be3 Ne5 13.Rb1 Qa5 14.h3 Bd7 15.Bc2 b5 
16.axb5 axb5 17.Qe1 b4 18.Nd1 Bb5 19.b3 Qa6 20.Rf2 Nd3 21.Bxd3 Bxd3 22.Rb2
Nxd5 23.Rd2 Nxe3 24.Nxe3 Bxe2 25.Qxe2 Bd4 26.Rxd4 cxd4 27.Qxa6 Rxa6 28.Nd5
Ra1+ 29.Kh2 Rb8 30.Rd2 Rb1 31.Ne7+ Kf8 32.Nc6 Rb5 33.Kg3 d3 34.h4 Ke8 35.
Rxd3 Kd7 36.Nd4 Rc5 37.Kf4 Rb2 38.g4 h5 39.Rd1 Ke7 40.gxh5 Rxh5 41.Nc6+ 
Ke6 42.Kg3 Rc5 43.Nxb4 Rxb3 44.Nd5 Ke5 45.Nf4 Rcc3 46.Rf1 Re3 47.Nh3 Rxe4 
48.Ng5 Rf4 49.Re1+ Kf5 50.Rd1 Ke5 51.Re1+ Kf5 52.Rd1 Rg4+ 53.Kf2 Rxh4 54.
Nxf7 Rf4 55.Nxd6+ Ke5 56.Ne8 Rfxf3+ 57.Kg2 Rfd3 58.Re1+ Re3 59.Rf1 Rb2+ 
60.Kg1 Ree2 61.Rd1 Rg2+ 62.Kh1 Rh2+ 63.Kg1 Rbg2+ 64.Kf1 Rh1+ 65.Kxg2 Rxd1 
66.Nc7 Rb1 67.Kg3 Kd6 68.Ne8+ Ke5 69.Nc7 Rb7 70.Na6 Kd6 0-1

[Event "XII Open A"]
[Site "Verona ITA"]
[Date "2006.01.08"]
[Round "8"]
[White "Mrdja, Milan"]
[Black "Rombaldoni, Denis"]
[Result "1-0"]
[WhiteElo "2332"]
[BlackElo "2292"]
[PlyCount "93"]
[EventDate "2006.01.02"]

1.e4 c6 2.d4 d5 3.e5 Bf5 4.Be3 e6 5.Nd2 Nd7 6.Ngf3 Be7 7.Be2 h5 8.O-O Nh6 
9.h3 Bg6 10.Bxh6 Rxh6 11.Nb3 Qc7 12.Bd3 Bxd3 13.Qxd3 O-O-O 14.Qe3 Rg8 15.
Ng5 Bxg5 16.Qxg5 Qd8 17.Qxd8+ Kxd8 18.f4 f5 19.h4 Rhh8 20.a4 Ke7 21.Kf2 
Rc8 22.Rfc1 c5 23.c4 Nb6 24.Nxc5 Nxc4 25.b3 Na5 26.b4 Nc6 27.Ke3 Nxb4 28.
Rab1 a5 29.Nxb7 Na2 30.Rxc8 Rxc8 31.Nxa5 Ra8 32.Rb7+ Kf8 33.Nb3 Rxa4 34.
Nc5 Ra3+ 35.Kf2 Nc3 36.Nxe6+ Kg8 37.Rxg7+ Kh8 38.Rc7 Ra2+ 39.Kg1 Ne2+ 40.
Kh2 Rd2 41.Rf7 Nxd4 42.Nxd4 Rxd4 43.Rxf5 Re4 44.Kg3 Kg7 45.Rxh5 d4 46.e6 
Rxe6 47.Rd5 1-0

[Event "XII Open A"]
[Site "Verona ITA"]
[Date "2006.01.08"]
[Round "8"]
[White "Scharrer, Patrick"]
[Black "Facchetti, Gianni"]
[Result "1-0"]
[WhiteElo "2179"]
[BlackElo "2131"]
[PlyCount "108"]
[EventDate "2006.01.02"]

1.e4 e5 2.Nf3 Nc6 3.Bb5 Bc5 4.c3 Nf6 5.O-O O-O 6.d4 Bb6 7.Qd3 Qe7 8.Bg5 d6
9.Nbd2 Nb8 10.Nc4 c6 11.Ba4 Bc7 12.Bc2 Re8 13.Ne3 Nbd7 14.Nf5 Qd8 15.Rad1 
Nf8 16.dxe5 dxe5 17.Qxd8 Rxd8 18.Ne7+ Kh8 19.Rxd8 Bxd8 20.Nxc8 Rxc8 21.
Nxe5 Kg8 22.Bb3 Ne6 23.Bxe6 fxe6 24.f3 Bb6+ 25.Kh1 Bc7 26.Nd3 Bb6 27.Rd1 
Ne8 28.Nf4 h6 29.Be7 e5 30.Nd3 Kf7 31.Ba3 Ke6 32.Nc5+ Bxc5 33.Bxc5 b6 34.
Be3 Nd6 35.Kg1 Nc4 36.Bc1 c5 37.Rd5 Rf8 38.b3 Nd6 39.c4 Nf7 40.Kf2 g6 41.
Ke3 h5 42.h4 Nd6 43.Bb2 Nf7 44.g3 Rg8 45.f4 exf4+ 46.gxf4 Nd6 47.Rg5 Kf7 
48.Be5 Nc8 49.Bb8 Re8 50.f5 Ne7 51.fxg6+ Nxg6 52.Bxa7 Nxh4 53.Rxh5 Ng2+ 
54.Kf3 Ra8 1-0

[Event "XII Open A"]
[Site "Verona ITA"]
[Date "2006.01.08"]
[Round "8"]
[White "Sciortino, Massimo"]
[Black "Chierici, Marianna"]
[Result "1-0"]
[WhiteElo "2260"]
[BlackElo "1934"]
[PlyCount "59"]
[EventDate "2006.01.02"]

1.e4 d6 2.f4 e5 3.Nf3 exf4 4.Bc4 Be6 5.Bxe6 fxe6 6.d4 Nc6 7.Bxf4 Qd7 8.O-O
O-O-O 9.d5 exd5 10.exd5 Nb8 11.Qd4 c5 12.Qd2 h6 13.c4 g5 14.Bg3 Rh7 15.Nc3
Na6 16.a3 Qg4 17.Qc2 Rhd7 18.Nb5 Kb8 19.Rae1 Ka8 20.Re4 Qh5 21.Re6 Re8 22.
Qe4 Rxe6 23.Qxe6 Qf7 24.Nxg5 Qe7 25.Qxg8 Qe3+ 26.Kh1 b6 27.Qxf8+ Kb7 28.
Ne6 Qe2 29.Nxd6+ Rxd6 30.Rf7+ 1-0

[Event "XII Open A"]
[Site "Verona ITA"]
[Date "2006.01.08"]
[Round "8"]
[White "Shytaj, Luca"]
[Black "Rowson, Jonathan"]
[Result "1/2-1/2"]
[WhiteElo "2425"]
[BlackElo "2599"]
[PlyCount "184"]
[EventDate "2006.01.02"]

1.e4 e5 2.Nf3 Nc6 3.d4 exd4 4.Nxd4 Bb4+ 5.c3 Bc5 6.Be3 Bb6 7.g3 Nf6 8.Bg2 
O-O 9.O-O Re8 10.Nd2 d5 11.exd5 Nxd4 12.Bxd4 Bxd4 13.cxd4 Nxd5 14.Ne4 c6 
15.Re1 Bf5 16.Qb3 Bxe4 17.Rxe4 Rxe4 18.Bxe4 Nf6 19.Bf3 Qb6 20.Qxb6 axb6 
21.a3 Kf8 22.Kf1 Ke7 23.Re1+ Kd6 24.Ke2 Nd5 25.Kd3 Nc7 26.Bd1 Ra5 27.Bb3 
Rb5 28.Kc3 g5 29.Re5 Rxe5 30.dxe5+ Kxe5 31.Bxf7 Ke4 32.Bh5 Nb5+ 33.Kd2 Nd6
34.Be2 Kd4 35.f3 b5 36.Bd3 h6 37.Bf1 c5 38.Be2 b6 39.Bf1 h5 40.h4 gxh4 41.
gxh4 Nf5 42.Bxb5 Nxh4 43.Be8 Nxf3+ 44.Ke2 Ne5 45.Bxh5 Nd3 46.Kd2 Nxb2 47.
Kc2 Nd3 48.Bf7 Ne5 49.Bg8 c4 50.Bh7 Ng4 51.Bg6 Ne3+ 52.Kb2 Nd5 53.Bh7 Ke3 
54.Kc2 Kd4 55.Kb2 Nc3 56.Kc2 Nb5 57.Kb2 Nd6 58.Kc2 Ne4 59.Bg6 Nd6 60.Bh7 
Kc5 61.Kb2 Kb5 62.Bg6 Ka5 63.Bh7 Kb5 64.Bg6 Kc6 65.Bh7 Kc5 66.Bg6 Kd4 67.
Kc2 Nb5 68.Kb2 Nc7 69.Kc2 Nd5 70.Bh7 b5 71.Bg6 Ne3+ 72.Kb2 Kc5 73.Bh7 Kb6 
74.Bg6 Ka5 75.Bh7 Ka4 76.Bg6 Nd1+ 77.Ka2 Nc3+ 78.Kb2 Nd1+ 79.Ka2 Ka5 80.
Bh5 Nf2 81.Bg6 Nd3 82.Bh7 Ka4 83.Bg6 Ne1 84.Kb2 Nd3+ 85.Ka2 Ka5 86.Bh7 Kb6
87.Kb1 Nf4 88.Kc2 Kc5 89.Kb2 Kd4 90.Kc2 Nh3 91.Bg6 Nf2 92.Be8 Kc5 1/2-1/2

[Event "XII Open A"]
[Site "Verona ITA"]
[Date "2006.01.08"]
[Round "8"]
[White "Trabert, Bettina"]
[Black "Godena, Michele"]
[Result "0-1"]
[WhiteElo "2276"]
[BlackElo "2505"]
[PlyCount "142"]
[EventDate "2006.01.02"]

1.e4 e5 2.Nf3 Nc6 3.Nc3 Nf6 4.g3 Bc5 5.Bg2 d6 6.d3 a6 7.h3 Bd7 8.a3 h6 9.
Be3 Bxe3 10.fxe3 Ne7 11.Nh4 g6 12.Qf3 Nh7 13.O-O-O c6 14.d4 Qc7 15.g4 b5 
16.Rhf1 O-O 17.Qg3 Ng5 18.Nf3 Nxf3 19.Rxf3 Kg7 20.g5 hxg5 21.Qxg5 f6 22.
Qh4 g5 23.Qf2 Ng6 24.Rf1 Qd8 25.Qd2 Nh4 26.Rg3 Qe7 27.Rd1 Rad8 28.Bf1 Rh8 
29.Be2 Ng6 30.Bg4 Bxg4 31.hxg4 Rh4 32.Rf1 Rdh8 33.Rg2 exd4 34.exd4 Nf4 35.
Rxf4 Rh1+ 36.Nd1 gxf4 37.Qxf4 R8h4 38.Kd2 d5 39.Ne3 Qxe4 40.Nf5+ Kg6 41.
Nxh4+ Rxh4 42.Rf2 Qxf4+ 43.Rxf4 Rh2+ 44.Kc3 a5 45.b3 Rg2 46.Kd3 b4 47.axb4
axb4 48.c4 Kf7 49.cxd5 cxd5 50.Rf5 Ke6 51.Rf4 Rb2 52.Rf1 Rxb3+ 53.Kc2 Rc3+
54.Kb2 Rg3 55.Rf4 Re3 56.Rf1 Re4 57.Rg1 Rxd4 58.g5 f5 59.Kb3 Rg4 60.Re1+ 
Kd6 61.Rf1 Rxg5 62.Kxb4 Rg4+ 63.Kc3 Ke5 64.Re1+ Re4 65.Rh1 Re3+ 66.Kd2 f4 
67.Rh8 Ke4 68.Re8+ Kf3 69.Rd8 Re5 70.Kd3 Kf2 71.Kd4 Re1 0-1

[Event "XII Open A"]
[Site "Verona ITA"]
[Date "2006.01.08"]
[Round "8"]
[White "Vianello, Enrico"]
[Black "Frigieri, Fabrizio"]
[Result "1/2-1/2"]
[WhiteElo "2087"]
[BlackElo "2096"]
[PlyCount "225"]
[EventDate "2006.01.02"]

1.d4 d5 2.Nf3 c6 3.c4 e6 4.Nc3 dxc4 5.a4 Bb4 6.Bd2 a5 7.e3 b5 8.axb5 Bxc3 
9.Bxc3 cxb5 10.b3 Bb7 11.bxc4 b4 12.Bb2 Nf6 13.Bd3 Nbd7 14.O-O O-O 15.Nd2 
Qc7 16.f4 a4 17.e4 a3 18.Bc1 Qd6 19.d5 exd5 20.exd5 Nc5 21.Bb1 Ba6 22.Kh1 
Rfe8 23.Ba2 Rab8 24.Rb1 Bc8 25.f5 Bd7 26.Nb3 Re4 27.Qf3 Nxb3 28.Bxb3 Rbe8 
29.Bd2 Re2 30.Rbd1 Qe5 31.Bc1 a2 32.Bf4 Qb2 33.h3 Bxf5 34.Bc1 a1=Q 35.Bxb2
Qxb2 36.Qxf5 Qxb3 37.Rd4 Qg3 38.Rg4 Qe5 39.Qxe5 R2xe5 40.Rxf6 Re1+ 41.Kh2 
Rb8 42.Rf2 Rc1 43.Rb2 f5 44.Rd4 Kf7 45.Kg3 Kf6 46.d6 Rc3+ 47.Kf2 b3 48.Ke2
Rc2+ 49.Rxc2 bxc2 50.Kd2 Ke6 51.Kxc2 Kd7 52.Kc3 Rb1 53.c5 Rc1+ 54.Kb4 Rb1+
55.Kc4 Rc1+ 56.Kd5 g6 57.g4 fxg4 58.hxg4 Rc2 59.Re4 Rd2+ 60.Kc4 Rc2+ 61.
Kd4 Rd2+ 62.Kc3 Rd5 63.Kc4 Kc6 64.Rd4 Rxc5+ 65.Kb4 Rb5+ 66.Kc4 Rb7 67.Kd3 
Rd7 68.Ke4 Rxd6 69.Ra4 Rd1 70.Kf4 Kd6 71.Ra6+ Ke7 72.Ra7+ Kf6 73.g5+ Ke6 
74.Ra4 Rf1+ 75.Kg4 Rc1 76.Re4+ Kd5 77.Re7 Rc4+ 78.Kg3 Re4 79.Rxh7 Ke6 80.
Kf3 Ra4 81.Rb7 Rd4 82.Rb1 Ke5 83.Rb6 Rd6 84.Rb5+ Rd5 85.Rb1 Kf5 86.Rg1 
Rd3+ 87.Ke2 Rd4 88.Ke3 Ra4 89.Kf3 Re4 90.Ra1 Re5 91.Rg1 Rb5 92.Kf2 Rb4 93.
Kf3 Rb3+ 94.Kf2 Kf4 95.Rc1 Rb2+ 96.Kg1 Kxg5 97.Rc5+ Kh4 98.Rc4+ Kh5 99.Rd4
g5 100.Ra4 g4 101.Ra8 Kg5 102.Ra7 Kf4 103.Ra4+ Kg3 104.Ra3+ Kh4 105.Rc3 
Re2 106.Kf1 Rb2 107.Kg1 Kg5 108.Ra3 Rd2 109.Rb3 Kf4 110.Rb4+ Kg3 111.Rb3+ 
Kh4 112.Ra3 g3 113.Ra8 1/2-1/2

[Event "XII Open A"]
[Site "Verona ITA"]
[Date "2006.01.09"]
[Round "9"]
[White "Brunello, Sabino"]
[Black "Ivanov, Mikhail M."]
[Result "1/2-1/2"]
[WhiteElo "2301"]
[BlackElo "2447"]
[PlyCount "24"]
[EventDate "2006.01.02"]

1.e4 c5 2.Nf3 e6 3.d4 cxd4 4.Nxd4 a6 5.Nc3 Qc7 6.Bd3 Nc6 7.Nb3 d6 8.Be3 
Nf6 9.g4 g6 10.f4 Bg7 11.g5 Nd7 12.Qd2 b6 1/2-1/2

[Event "XII Open A"]
[Site "Verona ITA"]
[Date "2006.01.09"]
[Round "9"]
[White "Calzetta Ruiz, Monica"]
[Black "Bertani, Gianfranco"]
[Result "1-0"]
[WhiteElo "2314"]
[BlackElo "2116"]
[PlyCount "103"]
[EventDate "2006.01.02"]

1.e4 c5 2.Nf3 d6 3.d4 cxd4 4.Nxd4 Nf6 5.Nc3 g6 6.Be3 Bg7 7.Bc4 O-O 8.f3 
Nc6 9.Qd2 Bd7 10.h4 Rc8 11.Bb3 Qa5 12.O-O-O h5 13.Kb1 Rfe8 14.Nde2 Ne5 15.
Bg5 Rc5 16.Nf4 Bc6 17.Nd3 Nxd3 18.cxd3 e5 19.Be3 d5 20.Bxc5 Qxc5 21.Rhg1 
d4 22.Ne2 Bd7 23.Rc1 Qb6 24.Rc2 a5 25.Qg5 a4 26.Bc4 Nh7 27.Qd2 Nf6 28.a3 
Bf8 29.Ka1 Qa7 30.Qg5 Kg7 31.g4 hxg4 32.fxg4 Nh7 33.Qd2 b5 34.Ba2 b4 35.
axb4 Rb8 36.Qc1 Bd6 37.h5 g5 38.h6+ Kh8 39.Rf1 f5 40.gxf5 Rxb4 41.Rg1 Rb3 
42.Rc8+ Bxc8 43.Qxc8+ Bf8 44.Nc1 Qb6 45.Bxb3 axb3 46.Kb1 Qxh6 47.Nxb3 Qg7 
48.Nc5 Qe7 49.Ne6 Kg8 50.Rh1 g4 51.Rxh7 Kxh7 52.Nxf8+ 1-0

[Event "XII Open A"]
[Site "Verona ITA"]
[Date "2006.01.09"]
[Round "9"]
[White "Chierici, Marianna"]
[Black "Fuggetta, Leonardo"]
[Result "0-1"]
[WhiteElo "1934"]
[BlackElo "2069"]
[PlyCount "66"]
[EventDate "2006.01.02"]

1.e4 c5 2.c3 d6 3.d4 Nf6 4.dxc5 Nc6 5.Nd2 dxc5 6.Ngf3 Qc7 7.Bc4 e6 8.O-O 
Bd6 9.Re1 a6 10.a4 Ng4 11.g3 h5 12.Nf1 h4 13.Nxh4 Nxh2 14.f4 Nxf1 15.Rxf1 
g5 16.Ng2 gxf4 17.gxf4 Bd7 18.Rf3 Na5 19.Bf1 c4 20.Be3 Nb3 21.Ra2 Nc5 22.
Bxc4 Nxe4 23.Qd4 Rg8 24.Qxe4 Bc6 25.Qh7 Rxg2+ 26.Kxg2 Bxf3+ 27.Kxf3 Qxc4 
28.Ra1 O-O-O 29.Qc2 Rh8 30.Qd2 Qc6+ 31.Kg3 Rg8+ 32.Kh4 Qf3 33.Rg1 Be7+ 0-1

[Event "XII Open A"]
[Site "Verona ITA"]
[Date "2006.01.09"]
[Round "9"]
[White "De Santis, Alessio"]
[Black "Dvirnyy, Danyyil"]
[Result "0-1"]
[WhiteElo "2373"]
[BlackElo "2265"]
[PlyCount "134"]
[EventDate "2006.01.02"]

1.d4 Nf6 2.c4 g6 3.Nc3 Bg7 4.e4 d6 5.Be2 O-O 6.Bg5 c5 7.d5 b5 8.cxb5 h6 9.
Be3 a6 10.f3 axb5 11.Bxb5 Ba6 12.Bxa6 Nxa6 13.Nge2 Nd7 14.Qd2 Kh7 15.O-O 
Qa5 16.f4 Rfb8 17.Rf3 Qb4 18.Rb1 Nf6 19.Qc2 Ng4 20.Kh1 Nxe3 21.Rxe3 Qc4 
22.b3 Nb4 23.Qd2 Qa6 24.a4 Qb7 25.Nb5 Re8 26.Nec3 Rad8 27.h4 h5 28.Qe2 e6 
29.dxe6 Rxe6 30.Rd1 Qe7 31.g3 d5 32.e5 d4 33.Rf3 dxc3 34.Rxd8 Qxd8 35.Nxc3
Re7 36.Ne4 Qd4 37.Kh2 Rd7 38.Rc3 Nd3 39.Rc4 Qd5 40.Qe3 Rb7 41.Nc3 Qd7 42.
Nb5 Bf8 43.Re4 Nb4 44.Qf3 Rb8 45.f5 Qxf5 46.Rf4 Qxe5 47.Rxf7+ Bg7 48.Qf4 
Qe2+ 49.Qf2 Qxf2+ 50.Rxf2 Rb7 51.Rf4 Rd7 52.Rc4 Rd2+ 53.Kh3 Na6 54.Nc3 Rd3
55.Ne4 Bd4 56.Ng5+ Kg8 57.Ne6 Be5 58.Nf4 Bxf4 59.Rxf4 Kg7 60.Re4 Rxb3 61.
Re6 Nb4 62.Rb6 c4 63.a5 c3 64.a6 c2 65.Rb7+ Kh6 66.Rc7 Ra3 67.a7 Rxa7 0-1

[Event "XII Open A"]
[Site "Verona ITA"]
[Date "2006.01.09"]
[Round "9"]
[White "Facchetti, Gianni"]
[Black "Capitelli, Paolo"]
[Result "1-0"]
[WhiteElo "2131"]
[BlackElo "2158"]
[PlyCount "114"]
[EventDate "2006.01.02"]

1.e4 c5 2.Nf3 e6 3.c3 d5 4.exd5 Qxd5 5.d4 Nf6 6.Na3 Qd8 7.Nc2 Be7 8.Be2 
Nc6 9.O-O O-O 10.Ne5 Nxe5 11.dxe5 Nd7 12.f4 Qc7 13.Ne3 Rd8 14.Qc2 Nf8 15.
a4 Bd7 16.Nc4 b6 17.Be3 Rab8 18.Nd2 Bc6 19.c4 Rd7 20.Rad1 Rbd8 21.Ne4 Qb7 
22.Rxd7 Rxd7 23.Bf3 Ng6 24.g3 Rd8 25.Rf2 Kh8 26.Rd2 Rxd2 27.Bxd2 Qd7 28.b3
Bf8 29.Bc3 h6 30.Qd2 Qxd2 31.Nxd2 Bxf3 32.Nxf3 Ne7 33.Kf2 Nc6 34.Ke3 Be7 
35.g4 f6 36.Ke4 Kg8 37.h3 Kf7 38.f5 Bd8 39.h4 g6 40.fxg6+ Kxg6 41.h5+ Kf7 
42.Nd2 Be7 43.Nf3 Bd8 44.Bd2 Kg7 45.Bf4 fxe5 46.Nxe5 Nxe5 47.Bxe5+ Kf7 48.
Bf4 Kg7 49.Kf3 a6 50.Bd6 Kf6 51.a5 bxa5 52.Bxc5 Kg7 53.Bd4+ Kf7 54.Ke4 Bc7
55.Be5 Bd8 56.Bd4 Bh4 57.Be5 Bf2 1-0

[Event "XII Open A"]
[Site "Verona ITA"]
[Date "2006.01.09"]
[Round "9"]
[White "Frigieri, Fabrizio"]
[Black "Opacic, Alexandar"]
[Result "1-0"]
[WhiteElo "2096"]
[BlackElo "2104"]
[PlyCount "39"]
[EventDate "2006.01.02"]

1.e4 c5 2.Nf3 e6 3.d4 cxd4 4.Nxd4 Nf6 5.Nc3 Nc6 6.Ndb5 d6 7.Bf4 e5 8.Bg5 
a6 9.Na3 b5 10.Bxf6 gxf6 11.Nd5 f5 12.Bxb5 axb5 13.Nxb5 Ba6 14.Nbc7+ Kd7 
15.Nxa8 Qg5 16.Nab6+ Kd8 17.Ne3 Nd4 18.c3 f4 19.Qa4 Bb5 20.Qa8+ 1-0

[Event "XII Open A"]
[Site "Verona ITA"]
[Date "2006.01.09"]
[Round "9"]
[White "Godena, Michele"]
[Black "Borgo, Giulio"]
[Result "1-0"]
[WhiteElo "2505"]
[BlackElo "2418"]
[PlyCount "107"]
[EventDate "2006.01.02"]

1.e4 g6 2.d4 Bg7 3.c3 d6 4.Bg5 Nf6 5.Nd2 e5 6.dxe5 dxe5 7.Ngf3 h6 8.Bh4 
Qe7 9.Bc4 Nbd7 10.Qe2 a6 11.a4 g5 12.Bg3 Nh5 13.O-O O-O 14.Rfe1 Nf4 15.Qf1
Ng6 16.Ba2 g4 17.Nd4 exd4 18.cxd4 Bxd4 19.e5 Nc5 20.Rad1 Be6 21.Bxe6 Nxe6 
22.Qe2 h5 23.Ne4 Bxe5 24.Bxe5 Nxe5 25.Ng3 f6 26.Nxh5 Rad8 27.Rxd8 Rxd8 28.
h3 Nd4 29.Qxg4+ Kf8 30.Qe4 Ndf3+ 31.gxf3 Nxf3+ 32.Qxf3 Qxe1+ 33.Kg2 Qe6 
34.Nxf6 Ke7 35.Ne4 Rd4 36.Qa3+ Ke8 37.f3 Qg6+ 38.Kh2 Qf5 39.Qe3 Qe5+ 40.
Kg2 Kd8 41.b3 Kc8 42.h4 c5 43.Qh6 Rd8 44.Qg5 Rd5 45.Qxe5 Rxe5 46.Kg3 Kd7 
47.Kf4 Ke6 48.Ng5+ Kf6 49.Ne4+ Ke6 50.Ng5+ Kd5 51.Ne4 Kd4 52.Nd6 Re6 53.
Nxb7 Re7 54.Na5 1-0

[Event "XII Open A"]
[Site "Verona ITA"]
[Date "2006.01.09"]
[Round "9"]
[White "Gourlay, Iain"]
[Black "Caruso, Augusto"]
[Result "1/2-1/2"]
[WhiteElo "2363"]
[BlackElo "2232"]
[PlyCount "106"]
[EventDate "2006.01.02"]

1.Nf3 e6 2.g3 d5 3.Bg2 c5 4.c4 Nc6 5.O-O Nf6 6.d4 Be7 7.Nc3 dxc4 8.Qa4 O-O
9.dxc5 Qa5 10.Qxc4 Qxc5 11.Qb3 Qh5 12.Rd1 e5 13.Bg5 Nd4 14.Nxd4 Qxg5 15.
Nf3 Qh5 16.Qb5 Bg4 17.Qxe5 Bxf3 18.Qxe7 Bxg2 19.Kxg2 b5 20.Qb4 Rfe8 21.Rd2
Rab8 22.Rad1 Qf5 23.h3 a6 24.a3 h5 25.Rd4 Rbc8 26.Qd6 Ne4 27.Nxe4 Rxe4 28.
Rd5 Qe6 29.Qxe6 Rxe6 30.R1d2 g6 31.e3 Rcc6 32.Rd7 Rf6 33.f4 Rfe6 34.Kf3 
Kg7 35.Ra7 Rc4 36.Rdd7 Rce4 37.Rxf7+ Kg8 38.Rg7+ Kf8 39.f5 gxf5 40.Raf7+ 
Ke8 41.Ra7 Rxe3+ 42.Kf4 R6e4+ 43.Kxf5 Re5+ 44.Kf6 Re6+ 45.Kg5 Rxg3+ 46.
Kxh5 Rxg7 47.Rxg7 Re2 48.Ra7 Rxb2 49.Rxa6 b4 50.axb4 Rxb4 51.Rf6 Rb5+ 52.
Kg6 Rb4 53.Kg5 Rb5+ 1/2-1/2

[Event "XII Open A"]
[Site "Verona ITA"]
[Date "2006.01.09"]
[Round "9"]
[White "Kafka, Graeme"]
[Black "Miatello, Alberto"]
[Result "1/2-1/2"]
[WhiteElo "2135"]
[BlackElo "2077"]
[PlyCount "35"]
[EventDate "2006.01.02"]

1.e4 c5 2.Nf3 e6 3.d4 cxd4 4.Nxd4 Nf6 5.Nc3 a6 6.Be3 Qc7 7.Bd3 Nc6 8.O-O 
d6 9.f4 Be7 10.Qf3 O-O 11.Rae1 Nxd4 12.Bxd4 e5 13.Be3 Be6 14.f5 Bc4 15.g4 
d5 16.Bg5 dxe4 17.Nxe4 Nxe4 18.Qxe4 1/2-1/2

[Event "XII Open A"]
[Site "Verona ITA"]
[Date "2006.01.09"]
[Round "9"]
[White "Luciani, Valerio"]
[Black "Barberi, Alessandro"]
[Result "1-0"]
[WhiteElo "2249"]
[BlackElo "2113"]
[PlyCount "105"]
[EventDate "2006.01.02"]

1.d4 g6 2.e4 Bg7 3.Be3 d6 4.Bc4 e6 5.Bb3 Ne7 6.Nc3 b6 7.Qd2 h6 8.h4 Nd7 9.
O-O-O Bb7 10.Nh3 a6 11.Rhe1 b5 12.f3 Nb6 13.Nf2 Qd7 14.h5 g5 15.a3 Nc6 16.
d5 Na5 17.Bxb6 Nxb3+ 18.cxb3 cxb6 19.dxe6 Qxe6 20.Qxd6 Rc8 21.Qxe6+ fxe6 
22.Rd6 Ke7 23.Red1 Bc6 24.Ng4 Rhd8 25.Rxd8 Rxd8 26.Rxd8 Kxd8 27.Kd2 Be8 
28.Nf2 Bxh5 29.Nd3 Kc7 30.Ke3 Bg6 31.Ne2 h5 32.Nd4 Kd6 33.Nb4 a5 34.Na2 
Bxd4+ 35.Kxd4 e5+ 36.Ke3 Bf7 37.Nc1 b4 38.axb4 axb4 39.Nd3 Bxb3 40.Nxb4 
Bc4 41.Nc2 Kc5 42.Kd2 h4 43.Kc3 Bf1 44.Ne3 Bxg2 45.Nxg2 h3 46.Ne1 h2 47.
Nd3+ Kc6 48.Nf2 Kb5 49.b3 Kc6 50.Kb4 Kc7 51.Kb5 Kb7 52.Nh1 Kc7 53.Ka6 1-0

[Event "XII Open A"]
[Site "Verona ITA"]
[Date "2006.01.09"]
[Round "9"]
[White "Rombaldoni, Axel"]
[Black "Trabert, Bettina"]
[Result "1/2-1/2"]
[WhiteElo "2123"]
[BlackElo "2276"]
[PlyCount "112"]
[EventDate "2006.01.02"]

1.e4 e5 2.Nf3 Nc6 3.Bb5 a6 4.Ba4 Nf6 5.d3 d6 6.h3 b5 7.Bb3 Na5 8.c3 Nxb3 
9.axb3 Bb7 10.O-O g6 11.Re1 Bg7 12.Bg5 h6 13.Bh4 O-O 14.Nbd2 Qd7 15.Bxf6 
Bxf6 16.b4 c5 17.bxc5 dxc5 18.Nb3 Rac8 19.d4 cxd4 20.cxd4 exd4 21.e5 Bg7 
22.Nbxd4 Qd5 23.Qd3 Rfd8 24.Rad1 Qc5 25.Qb1 Qb6 26.b3 Rd5 27.Qd3 Rcd8 28.
Rd2 Bc8 29.Qe3 Kh7 30.Qf4 Kg8 31.Red1 Bb7 32.Re1 Qc7 33.Rc2 Qb6 34.Rd2 Re8
35.Rc2 Rdd8 36.Rce2 Bd5 37.Qg4 Be6 38.Nxe6 Rxe6 39.Qh4 Rde8 40.Qg3 Qc5 41.
Re3 a5 42.Qf4 Qd5 43.h4 R6e7 44.Kh1 Rc8 45.Qd4 Rd8 46.Qb6 a4 47.bxa4 bxa4 
48.Qb4 Qd7 49.Re4 Ra8 50.Ra1 Re6 51.Rxa4 Qd1+ 52.Kh2 Rxa4 53.Qxa4 Bxe5+ 
54.Nxe5 Qxa4 55.Rxa4 Rxe5 56.g3 Kg7 1/2-1/2

[Event "XII Open A"]
[Site "Verona ITA"]
[Date "2006.01.09"]
[Round "9"]
[White "Skembris, Spyridon"]
[Black "Lettieri, Giuseppe"]
[Result "1-0"]
[WhiteElo "2451"]
[BlackElo "2260"]
[PlyCount "119"]
[EventDate "2006.01.02"]

1.d4 d5 2.c4 e6 3.Nf3 c6 4.Qc2 Nd7 5.g3 Ngf6 6.Bg2 Bd6 7.O-O O-O 8.Nbd2 
Re8 9.Rd1 Qe7 10.e4 Nxe4 11.Nxe4 dxe4 12.Qxe4 e5 13.Bg5 f6 14.Be3 exd4 15.
Qxe7 Bxe7 16.Bxd4 Nf8 17.Be3 Ne6 18.Rac1 a5 19.c5 a4 20.Nd2 Rd8 21.Nc4 
Rxd1+ 22.Rxd1 Bd8 23.Rxd8+ Nxd8 24.Nb6 Ra5 25.Nxc8 Rb5 26.Nb6 Rxb2 27.Nxa4
Rxa2 28.Nb6 Ne6 29.Bf1 Ra5 30.Bc4 Kf7 31.Nc8 Ra1+ 32.Kg2 Rb1 33.Nd6+ Ke7 
34.Nf5+ Kd7 35.Bxe6+ Kxe6 36.Nxg7+ Kd5 37.Nh5 Ke5 38.Kf3 Rb5 39.h4 b6 40.
cxb6 c5 41.Nf4 Rxb6 42.Nd3+ Kf5 43.g4+ Ke6 44.Nxc5+ Kf7 45.h5 Rb4 46.Ne4 
Ke6 47.Kf4 Kd5 48.f3 Ke6 49.Bf2 Rb5 50.Bc5 Ra5 51.Bb4 Rb5 52.Bc3 f5 53.
Ng5+ Ke7 54.Nxh7 fxg4 55.fxg4 Kf7 56.g5 Rb6 57.Kf5 Rb1 58.g6+ Kg8 59.Nf6+ 
Kg7 60.Ng4+ 1-0